00242nam a2200097Ia 4500008004100000100001800041245003900059260003000098300000800128650000800136191201s2009 xx 000 0 und d aDWIVEDI, D.N. 0aManagerial Economics MBA-102 SEM-1 aN. DelhibVikas Pubc2009 a300 aMBA